000 00461nam a2200133 a 4500
008 120416s1992 xx |||||||||||||| || u
050 _aTD 811 Tai
100 _aTaiganides, E. P
245 1 0 _aPig waste management and recycling
246 _athe Singapore experience
260 _c1992
350 _a0.00
995 _D0.00
_FCBU-MAIN LIBRARY (Kitwe)
_H1
_I19.59
_UAVAILABLE
_ZMain Library Open Access Collection
999 _c53643
_d53643